000 01017nam a22003017a 4500
001 5468
003 FISKH
005 20241210091827.0
008 241210b cb ||||| |||| 00| 0 eng d
020 _a9780763610524
040 _aFISKH
_beng
_cFISKH
_dFISKH
050 _aPZ7.F59918
082 _a813.54
100 _aFleischman, Paul
_d(1952-)
245 _aWeslandia /
_cPaul Fleischman illustrated by Kevin Kawkes
250 _aFirst paperback edition in 2002
260 _aMassachusetts :
_bCandlewick,
_c2002.
300 _a32 pages :
_bcolor illustrations ;
_c24 cm
505 _aW
520 _aWesley's garden produces a crop of huge, strange plants which provide him with clothing, shelter, food, and drink, thus helping him create his own civilization and changing his life.
521 8 _a820L
_bLexile
521 8 _aW
_bRaz-Plus
650 _2Fiction
_aBullying
_vFantasy
650 _2Friendship
_aPlants
700 _aHawkes, Kevin
_dIllustrator
942 _2ddc
_cBK
_n0
999 _c5468
_d5468